Top 3 najpopularniejszych piłkarzy z danego kraju #6 - Statystyki

Ogólne statystyki
  • Ten quiz został rozwiązany 268 razy
    189 od ostatniego zresetowania
  • Średni wynik to 5 z 24
Statystyki odpowiedzi
Kraj Piłkarz % Poprawnych

Kostaryka

Keylor Navas
79%

Gabon

Pierre Emerick Aubameyang
66%

Holandia

Johan Cruyff
65%
Rosja Lev Yashin
62%
Holandia Ruud Gullit
59%
Holandia Marco van Basten
54%
Finlandia Stefan Savić
36%

Arabia Saudyjska

Salim Al-Dawsari
27%

Rosja

Andrey Arshavin
20%

Czarnogóra

Stefan Jovetić
13%
Tunezja Wahbi Khazri
12%
Kostaryka Bryan Ruiz
11%
Gabon Mario Lemina
11%
Rosja Igor Akinfeev
9%
Republika Południowej Afryki Siphiwe Tshabalala
7%
Czarnogóra Mirko Vucinić
5%
Kostaryka Paulo Wanchope
3%
Republika Południowej Afryki Benny McCArthy
1%
Arabia Saudyjska Salman Al-Faraj
1%

Tunezja

Youssef Msakni
1%
Gabon Andre Biyogo Poko
0%

Republika Południowej Afryki

Lucas Radebe
0%
Arabia Saudyjska Majed Abdullah
0%
Tunezja Nabil Maaloul
0%
Nie znaleziono quizów pasujących do podanych kryteriów
Rozkład punktacji
Procent ludzi z każdym wynikiem
Percentyl według liczby udzielonych odpowiedzi
Twoja historia wyników
Nie rozwiązałeś tego quizu od ostatniego zresetowania